Dog man / (Record no. 9620)

MARC details
000 -LEADER
fixed length control field 00996nam a22002657a 4500
001 - CONTROL NUMBER
control field 9620
003 - CONTROL NUMBER IDENTIFIER
control field FISKH
005 - DATE AND TIME OF LATEST TRANSACTION
control field 20260126115624.0
008 - FIXED-LENGTH DATA ELEMENTS--GENERAL INFORMATION
fixed length control field 260126b cb ||||| |||| 00| 0 eng d
020 ## - INTERNATIONAL STANDARD BOOK NUMBER
International Standard Book Number 9781407140391
040 ## - CATALOGING SOURCE
Original cataloging agency FISKH
Language of cataloging eng
Transcribing agency FISKH
Modifying agency FISKH
050 ## - LIBRARY OF CONGRESS CALL NUMBER
Classification number PZ7.7 .P53 .D
082 ## - DEWEY DECIMAL CLASSIFICATION NUMBER
Classification number 741.5
100 ## - MAIN ENTRY--PERSONAL NAME
Personal name Pilkey , Dav
245 ## - TITLE STATEMENT
Title Dog man /
Statement of responsibility, etc. Written and illustrated by Dav Pilkey as George Beard and Harold Hutchins with color by Jose Garibaldi
260 ## - PUBLICATION, DISTRIBUTION, ETC.
Place of publication, distribution, etc. New York :
Name of publisher, distributor, etc. Scholastic ,
Date of publication, distribution, etc. 2016 .
300 ## - PHYSICAL DESCRIPTION
Extent 231 pages :
Other physical details color illustrations ;
Dimensions 21 cm .
490 ## - SERIES STATEMENT
Series statement Dog man
Volume/sequential designation 1
520 ## - SUMMARY, ETC.
Summary, etc. George and Harold create a new comic book hero in Dog Man, a crimefighter with the head of a police dog and the body of a policeman, who faces off against his archnemesis Petey the cat.
650 ## - SUBJECT ADDED ENTRY--TOPICAL TERM
Topical term or geographic name entry element Police
Form subdivision Graphic Novels & Comics
650 ## - SUBJECT ADDED ENTRY--TOPICAL TERM
Topical term or geographic name entry element Superheroes
Form subdivision Graphic Novels & Comics
700 ## - ADDED ENTRY--PERSONAL NAME
Personal name Garibaldi , Jose
Relator term Illustrator
942 ## - ADDED ENTRY ELEMENTS (KOHA)
Source of classification or shelving scheme Dewey Decimal Classification
Koha item type Books
Suppress in OPAC No
Holdings
Withdrawn status Lost status Source of classification or shelving scheme Damaged status Not for loan Collection Home library Current library Shelving location Date acquired Total Checkouts Full call number Barcode Date last seen Date last checked out Price effective from Koha item type
    Dewey Decimal Classification     Juvenile Fiction Footprints International School Library Network Toul Tom Poung Campus Footprints International School Library Network Toul Tom Poung Campus TTP Comic Books all Levels 01/26/2026 3 PIL 741.5 PZ7.7 .P53 .D 2026-0136 04/20/2026 03/30/2026 01/26/2026 Books